| 000 | 02041cam a22001934a 4500 | ||
|---|---|---|---|
| 005 | 20250605164124.0 | ||
| 008 | 250528s ||||||||||||||||||||||||d | ||
| 035 | _a18406 | ||
| 040 |
_aGR-AtMCL _bgre _dGR-AtMCL _eAACR2 |
||
| 245 | 1 | _aΕισαγωγή στη Δημόσια Διοίκηση / Β' 'Εκδοση Αναθεωρημένη | |
| 250 | _a2η | ||
| 260 |
_bΑντ. Σάκκουλας, _c1998 |
||
| 300 | _a472 | ||
| 520 | _aΠρόλογος, Συντομογραφίες, Διοικητική Επιστήμη και Εκτελεστική Λειτουργία, Εισαγωγή στη Διοικητική Επιστήμη, Εκτελεστική Λειτουργία και Δημόσια Διοίκηση, Αναφορά στο Μάνατζμεντ, Εισαγωγή στη Δημόσια Διοίκηση, Ιστορική Επισκόπηση, Συνταγματικό Πλαίσιο, Οργάνωση και Μεταρρύθμιση της Δημόσιας Διοίκησης, Διοικητική Οργάνωση του Κράτους - Συστήματα, Διοίκηση, Υπηρεσιακή Κατάσταση Προσωπικού Δημόσιας Διοίκησης (Δημόσια Υπαλληλία), Χρηματοδότηση του Δημοσίου Τομέα, Συμπερασματικές Παρατηρήσεις, Ειδικά Θέματα Δημόσιας Διοίκησης, Το Νέο Βαθμολόγιο των Δημόσιων Υπαλλήλων, Προσχέδιο Υπαλληλικού Κώδικα - Ένα Πρώτο Σχόλιο, Ο Εκδημοκρατισμός της Δημόσιας Διοίκησης, Ο Συνδικαλισμός, Ο Εκδημοκρατισμός της Δημόσιας Διοίκησης - Η Αξιοκρατία, Δημόσια Διοίκηση: Στελέχωση μέσα από την Εκπαίδευση, Η Δημόσια Διοίκηση και το 1992. | ||
| 700 | 1 |
_aΠαγκάκη Γρ. Λ _94679 |
|
| 942 | _cBK | ||
| 999 |
_c3767 _d3767 |
||